000 00724nam a2200241Ia 4500
003 OSt
005 20220925232753.0
006 a|||||r|||| 00| 0
007 ta
008 220923b |||||||| |||| 00| 0 eng d
037 _cGeneral Book
040 _aRTL
_cRTL
_beng
041 _2eng
_aeng
082 _aX:(B), N4
100 _aBierens Herman J
_9129207
245 0 _aTopics in advanced econometrics
_b Estimation, testing and specification of cross-sections
260 _aNew York
_bCambridge University Press
_c1994
300 _axi, 258p
_ccm.
500 _aBibliography: P 248-55
650 _aEconometrics
942 _hX:(B), N4
_cGB
_2CC
999 _c592117
_d592117